00618cam a22001931i 450000100060000000300080000600500170001400800390003103500190007003500190008904000240010804100110013208200210014310000460016424500890021026000570029930000480035665000200040426041BD-RjUL20211209050949.0140320s1953 xx 000 1 eng a(BD-RjUL)26111 a(OCoLC)2546220 aDLCcMNoWdDLCbeng1 aengrus00a891.73bGOD 19531 aGorbatov, Boris Leontʹevich,d1908-1954.10aDonbas :ba novel /cBoris Gorbatov ; translated from the Russian by Bernard Isaacs. aMoscow :bForeign Languages Publishing House,c1953. a466 p. (1 leaf of plates) :bill. ;c21 cm. 0aSoviet fiction.